[Event "AUTO-OPEN-4379"]
[Site "http://www.queenalice.com/game.php?id=1792665"]
[Date "2022.7.17"]
[Round "1"]
[White "NascimentoJ"]
[Black "askasl159"]
[Result "0-1"]
[WhiteElo "1922"]
[BlackElo "1425"]

1. d4 d5 2. c4 c6 3. cxd5 cxd5 4. Bf4 g6 5. e3 Bg7 6. Bb5+ Nc6 7. Nc3 a6 8. Ba4
b5 9. Bb3 Nf6 10. Nf3 O-O 11. O-O Re8 12. Be5 b4 13. Bxf6 Bxf6 14. Nxd5 Bg7 15.
Rc1 Na5 0-1

[Event "AUTO-OPEN-4379"]
[Site "http://www.queenalice.com/game.php?id=1792694"]
[Date "2022.7.17"]
[Round "1"]
[White "NascimentoJ"]
[Black "JoseMessias"]
[Result "1-0"]
[WhiteElo "1894"]
[BlackElo "1864"]

1. e4 e5 2. f4 exf4 3. Nf3 d5 4. e5 Bg4 5. d4 g5 6. Be2 Bf5 7. h4 g4 8. Nfd2 c5
9. Nb3 c4 10. N3d2 Nc6 11. c3 b5 12. Nf1 b4 13. Bxg4 Be4 14. Bxf4 Bxg2 15. Rh2
Bh6 16. Qa4 Bxf4 17. Qxc6+ Kf8 18. Rxg2 Qxh4+ 19. Ke2 Rd8 20. Nbd2 Qh1 21. Bf3
Qh3 22. Qc5+ Ne7 23. Re1 bxc3 24. bxc3 Rc8 25. Qd6 Qf5 26. Kf2 h5 27. Ne3 Qd3
28. Ndf1 h4 29. Rg4 Bg3+ 30. Nxg3 hxg3+ 31. Kxg3 Qxc3 32. Re2 Qa1 33. Nf5 Re8
34. Kf2 Rh2+ 35. Rg2 Rxg2+ 36. Kxg2 Qb1 37. Qh6+ Kg8 38. Qg7# 1-0

[Event "AUTO-OPEN-4379"]
[Site "http://www.queenalice.com/game.php?id=1792695"]
[Date "2022.7.17"]
[Round "1"]
[White "JoseMessias"]
[Black "NascimentoJ"]
[Result "0-1"]
[WhiteElo "1885"]
[BlackElo "1877"]

1. e4 c5 2. Bc4 g6 3. Qf3 e6 4. d3 Bg7 5. Ne2 Ne7 6. Nbc3 O-O 7. Bg5 Nbc6 8. Qh3
Na5 9. Qh4 f6 10. Be3 Nxc4 11. dxc4 Qa5 12. Nf4 g5 13. Qg4 gxf4 14. Bxf4 Kh8 15.
Bd6 Rf7 16. a3 f5 17. exf5 Nxf5 18. b4 Bxc3+ 19. Kd1 cxb4 20. Ra2 Nxd6 21. Qg3
Nf5 22. Qf3 bxa3 23. g4 Nd6 24. Qe3 Nxc4 25. Qe2 Qd5+ 26. Kc1 Bb2+ 27. Rxb2
axb2+ 28. Kb1 Qb5 29. Qd3 Qa4 30. Qd4+ e5 31. Qxb2 Nxb2 32. Kxb2 d5 33. c3 Rxf2+
34. Kb1 Qa2+ 0-1

[Event "AUTO-OPEN-4379"]
[Site "http://www.queenalice.com/game.php?id=1792696"]
[Date "2022.7.17"]
[Round "1"]
[White "NascimentoJ"]
[Black "Fischercat"]
[Result "1-0"]
[WhiteElo "1863"]
[BlackElo "1776"]

1. e4 e5 2. f4 exf4 3. Nf3 Bc5 4. d4 Bb6 5. Bxf4 d6 6. a4 a6 7. Bd3 Bg4 8. c3
Nf6 9. Qb3 a5 10. O-O O-O 11. Nbd2 Be6 12. Nc4 d5 13. Nxb6 cxb6 14. e5 Nfd7 15.
Rae1 Qc7 16. Bb1 Qc4 17. Qc2 b5 18. b3 Qc6 19. Qxh7# 1-0

[Event "AUTO-ADV-4625"]
[Site "http://www.queenalice.com/game.php?id=1792992"]
[Date "2022.7.22"]
[Round "1"]
[White "MMA34"]
[Black "NascimentoJ"]
[Result "0-1"]
[WhiteElo "1798"]
[BlackElo "1929"]

1. d4 g6 2. c4 Bg7 3. Nf3 c5 4. e3 cxd4 5. exd4 Nf6 6. Bd3 O-O 7. h3 b6 8. Bf4
Bb7 9. O-O d6 10. Nc3 Nbd7 11. Qc2 Nh5 12. Bh2 Rc8 13. b3 Bxf3 14. gxf3 e5 15.
dxe5 Bxe5 16. Ne4 Bxh2+ 17. Kxh2 Ne5 18. Be2 Qh4 19. Rg1 Qf4+ 20. Kg2 d5 21. Ng3
Qg5 22. Kh2 Nf4 23. Bf1 Nxf3+ 24. Kh1 Nxg1 25. Kxg1 h5 26. Kh2 h4 27. Ne2 Qe5
28. Nxf4 g5 29. Rd1 Qxf4+ 30. Kg1 dxc4 31. bxc4 Rc5 32. Qc3 Rf5 33. Rd2 f6 34.
Bg2 Re5 35. Rd1 Re2 36. Rf1 Kg7 37. Qd3 Rd2 38. Qb3 Re8 39. c5 bxc5 40. Qb7+ Kh6
41. Qxa7 Qd4 42. Qf7 Ree2 43. Qf8+ Kg6 44. Qg8+ Kf5 0-1

[Event "AUTO-ADV-4625"]
[Site "http://www.queenalice.com/game.php?id=1792993"]
[Date "2022.7.22"]
[Round "1"]
[White "NascimentoJ"]
[Black "MMA34"]
[Result "0-1"]
[WhiteElo "1881"]
[BlackElo "1847"]

1. e4 c5 2. Nf3 d6 3. d4 cxd4 4. Qxd4 Nc6 5. Qe3 Nf6 6. Bd2 e5 7. h3 Be7 8. c4
O-O 9. Nc3 Ne8 10. Bd3 f5 11. exf5 Bxf5 12. O-O-O Bxd3 13. Qxd3 Nb4 14. Qe4 Rb8
15. a3 Nc6 16. Be3 Qc7 17. Nd5 Qd7 18. c5 Nf6 19. Nxf6+ Bxf6 20. Rxd6 Qc7 21.
Kb1 Rbd8 22. Rhd1 Rxd6 23. cxd6 Qd7 24. Qd5+ Kh8 25. Nd2 Rd8 26. Ne4 Nd4 27.
Bxd4 exd4 28. Nxf6 gxf6 29. Rxd4 Re8 30. Rh4 Re6 31. Rd4 Re5 32. Qf3 Re6 33. Ka2
b6 34. Qg3 Qf7 35. Qb3 Qd7 36. Qd5 Kg7 37. f4 h6 38. f5 Re5 39. Qc4 Rxf5 40. Qd3
Rg5 41. g4 Re5 42. Rc4 Rc5 43. Rd4 Re5 44. b4 Re6 45. Qf5 Re2+ 46. Kb3 Re3+ 47.
Kc2 Qc6+ 48. Kd1 Qh1+ 49. Kd2 Qe1+ 0-1

[Event "AUTO-ADV-4625"]
[Site "http://www.queenalice.com/game.php?id=1793006"]
[Date "2022.7.22"]
[Round "1"]
[White "mennecy91"]
[Black "NascimentoJ"]
[Result "1-0"]
[WhiteElo "2029"]
[BlackElo "1864"]

1. d4 d5 2. Nf3 c5 3. c3 Nc6 4. Bg5 Qb6 5. b3 Nf6 6. e3 Ne4 7. Bf4 cxd4 8. exd4
h6 9. Bd3 Bg4 10. h3 Bf5 11. O-O g5 12. Bh2 Bg7 13. Qc2 Rc8 14. Qb2 Bf6 15. Re1
g4 16. hxg4 Bg6 17. Nbd2 Nxd2 18. Qxd2 O-O 19. Bxg6 fxg6 20. Qxh6 Kf7 21. Qh7+
Bg7 22. Be5 Nxe5 23. Nxe5+ Ke8 24. Qxg7 Qf6 25. Qxg6+ Qxg6 26. Nxg6 Rf7 27. Re3
Rg7 28. Nxe7 Rxe7 29. Rxe7+ Kxe7 30. Re1+ 1-0

[Event "AUTO-ADV-4625"]
[Site "http://www.queenalice.com/game.php?id=1793007"]
[Date "2022.7.22"]
[Round "1"]
[White "NascimentoJ"]
[Black "mennecy91"]
[Result "1-0"]
[WhiteElo "1908"]
[BlackElo "2030"]

1. e4 d5 2. e5 c5 3. c3 Nc6 4. d4 Bf5 5. Bd3 Bxd3 6. Qxd3 e6 7. Ne2 Qb6 8. O-O
Nge7 9. Nd2 Ng6 10. f4 cxd4 11. cxd4 Be7 12. Nb3 O-O 13. Be3 Rfc8 14. f5 Nf8 15.
f6 Bb4 16. fxg7 Kxg7 17. Kh1 Ng6 18. Bg5 Be7 19. Bf6+ Kf8 20. Qd2 1-0

[Event "AUTO-ADV-4625"]
[Site "http://www.queenalice.com/game.php?id=1793014"]
[Date "2022.7.22"]
[Round "1"]
[White "Canaye"]
[Black "NascimentoJ"]
[Result "1-0"]
[WhiteElo "1900"]
[BlackElo "1940"]

1. d4 g6 2. c4 Bg7 3. Nc3 Nf6 4. e4 c5 5. d5 d6 6. Bd3 O-O 7. Nge2 Bg4 8. f3 Bd7
9. O-O Na6 10. a3 Nc7 11. Rb1 a6 12. b4 cxb4 13. axb4 b5 14. c5 dxc5 15. bxc5 e5
16. c6 Bc8 17. Be3 Nfe8 18. Nc1 f5 19. exf5 gxf5 20. Bc5 Rf6 21. Qb3 Nd6 22. Re1
Rg6 23. N3e2 Kh8 24. Ng3 Qg5 25. Re2 e4 26. fxe4 fxe4 27. Nxe4 Nxe4 28. Bxe4 Bf5
29. Bxf5 Qxf5 30. Rd2 Rg8 31. Bb6 Bh6 32. Rf2 Qxd5 33. Qxd5 Nxd5 34. Bd4+ Bg7
35. Bxg7+ R6xg7 36. Rb3 Re7 37. Rbf3 Rc7 38. Rd3 Nb4 39. Rc3 Rgc8 40. Rcf3 Rxc6
41. Nb3 Rc3 42. Rxc3 Rxc3 43. Rb2 Nd3 44. Rb1 b4 45. Na5 Ra3 46. Kf1 Rxa5 47.
Ke2 1-0

[Event "AUTO-ADV-4625"]
[Site "http://www.queenalice.com/game.php?id=1793015"]
[Date "2022.7.22"]
[Round "1"]
[White "NascimentoJ"]
[Black "Canaye"]
[Result "1-0"]
[WhiteElo "1842"]
[BlackElo "1897"]

1. Nf3 e6 2. c4 d5 3. d4 c5 4. e3 Nc6 5. Nc3 cxd4 6. exd4 Bb4 7. Bd2 Nge7 8. c5
O-O 9. Bd3 Re8 10. O-O Bd7 11. Qe2 Ba5 12. Bxh7+ Kxh7 13. Ng5+ Kg6 14. Qg4 f5
15. Qg3 Qc7 16. f4 Kf6 17. Nb5 Qb8 18. Bxa5 Nxa5 19. Nd6 Rh8 20. Nh7+ Rxh7 21.
Qg5# 1-0

[Event "Let's Play Chess!"]
[Site "http://www.queenalice.com/game.php?id=1799299"]
[Date "2022.11.5"]
[Round "-"]
[White "NascimentoJ"]
[Black "igor12345"]
[Result "0-1"]
[WhiteElo "1855"]
[BlackElo "2094"]

1. c4 e5 2. g3 c5 3. Bg2 f5 4. d3 Nf6 5. Nf3 Nc6 6. Nc3 Be7 7. O-O O-O 8. Nd5 d6
9. e4 fxe4 10. Nxf6+ Bxf6 11. dxe4 Bg4 12. Qd5+ Kh8 13. Nd2 Qe7 14. Nb3 Be6 15.
Qd3 Nb4 16. Qc3 Qf7 17. a3 Nc6 18. Nd2 Bg5 19. Nf3 Be7 20. Ne1 a5 21. b3 Nd4 22.
f4 exf4 23. Bxf4 Ne2+ 24. Kh1 Nxc3 25. Nd3 Bf6 26. Rae1 b5 27. e5 bxc4 28. bxc4
dxe5 29. Bxe5 Qa7 30. Nb2 Bg8 31. Nd3 Rad8 32. Rxf6 gxf6 33. Bxc3 Rxd3 0-1

[Event "AUTO-OPEN-4379"]
[Site "http://www.queenalice.com/game.php?id=1807506"]
[Date "2023.3.8"]
[Round "2"]
[White "NascimentoJ"]
[Black "cerenzo72"]
[Result "0-1"]
[WhiteElo "1872"]
[BlackElo "2148"]

1. Nf3 d5 2. d4 Nc6 3. g3 Bg4 4. Bg2 Qd7 5. c4 dxc4 6. d5 Nb4 7. Ne5 Qf5 8. Qa4+
Kd8 9. Qxb4 Qxe5 10. Qxc4 Nf6 11. Nc3 e6 12. Bf4 exd5 13. Qb5 Qe6 14. Qxb7 Rc8
15. O-O c6 16. Qxa7 Be7 17. Qb6+ Kd7 18. f3 Bh3 19. Rfe1 Rhd8 20. Bxh3 Qxh3 0-1

[Event "AUTO-OPEN-4379"]
[Site "http://www.queenalice.com/game.php?id=1807507"]
[Date "2023.3.8"]
[Round "2"]
[White "cerenzo72"]
[Black "NascimentoJ"]
[Result "1-0"]
[WhiteElo "2144"]
[BlackElo "1877"]

1. b3 Nf6 2. Bb2 e6 3. c4 b6 4. e3 Bb7 5. d4 d5 6. cxd5 exd5 7. Nf3 Ne4 8. a3
Bd6 9. Nbd2 O-O 10. Nxe4 dxe4 11. Nd2 Nd7 12. Bc4 c6 13. Nxe4 Bc7 14. O-O b5 15.
Bd3 f5 16. Nd2 Qg5 17. Nf3 Qh6 18. h3 g5 19. Ne5 Rad8 20. Qc2 Qd6 21. Bxf5 Nxe5
22. Bxh7+ Kf7 23. dxe5 Qd2 24. Qg6+ Ke7 25. Qxg5+ 1-0

[Event "AUTO-OPEN-4379"]
[Site "http://www.queenalice.com/game.php?id=1807508"]
[Date "2023.3.8"]
[Round "2"]
[White "NascimentoJ"]
[Black "zhiii00"]
[Result "0-1"]
[WhiteElo "1879"]
[BlackElo "2307"]

1. Nf3 g6 2. c4 Bg7 3. d4 d6 4. e4 Nd7 5. Nc3 c5 6. Be3 cxd4 7. Nxd4 Ngf6 8. Be2
O-O 9. Bf3 Ne5 10. Be2 Be6 11. h3 Bxc4 12. O-O a6 13. f4 Bxe2 14. Qxe2 Ned7 15.
Rad1 Qa5 16. Nb3 Qc7 17. Rc1 Qd8 18. f5 b5 19. Nd4 Rc8 20. fxg6 hxg6 21. a3 Ne5
22. Nf3 Nc4 23. Bg5 Nh5 24. Bh4 Nf4 25. Qc2 Bxc3 26. bxc3 Nxa3 27. Qd2 Ne6 28.
Qh6 Rc5 29. Nd4 Rh5 0-1

[Event "AUTO-OPEN-4379"]
[Site "http://www.queenalice.com/game.php?id=1807509"]
[Date "2023.3.8"]
[Round "2"]
[White "zhiii00"]
[Black "NascimentoJ"]
[Result "0-1"]
[WhiteElo "2320"]
[BlackElo "1849"]

1. d4 d5 2. c4 c6 3. Nf3 Bf5 4. Nc3 e6 5. e3 Nd7 6. Qb3 Qb6 7. Bd2 h6 8. c5 Qc7
9. Qa3 Ngf6 10. b4 e5 11. Be2 Be7 12. dxe5 Nxe5 13. Nxe5 Qxe5 14. O-O O-O 15.
Rad1 a5 16. b5 b6 17. Na4 bxc5 18. Nxc5 d4 19. exd4 Qxe2 20. Rfe1 Bxc5 0-1

[Event "Let's Play Chess!"]
[Site "http://www.queenalice.com/game.php?id=1811292"]
[Date "2023.5.6"]
[Round "-"]
[White "igor12345"]
[Black "NascimentoJ"]
[Result "1-0"]
[WhiteElo "1993"]
[BlackElo "1867"]

1. e4 c5 2. Nf3 d6 3. Bb5+ Bd7 4. Bxd7+ Nxd7 5. d4 cxd4 6. Nxd4 Ngf6 7. Nc3 e6
8. O-O Be7 9. Kh1 a6 10. a3 h5 11. f4 Qc7 12. f5 exf5 13. Nxf5 Ne5 14. Nxg7+ Kd7
15. Nf5 Nfg4 16. h3 Qb6 17. Qe2 Rag8 18. Nxe7 Kxe7 19. Nd5+ 1-0

[Event "Let's Play Chess!"]
[Site "http://www.queenalice.com/game.php?id=1811293"]
[Date "2023.5.6"]
[Round "-"]
[White "NascimentoJ"]
[Black "igor12345"]
[Result "0-1"]
[WhiteElo "1856"]
[BlackElo "2037"]

1. c4 e5 2. Nc3 Nf6 3. g3 c6 4. Bg2 d5 5. d4 e4 6. Bg5 Be6 7. cxd5 cxd5 8. e3
Be7 9. Nh3 h6 10. Bf4 Nc6 11. O-O Nd7 12. Kh1 O-O 13. g4 g5 14. Bg3 Nf6 15. f3
Kg7 16. Nf2 exf3 17. Bxf3 a6 18. h4 Bd6 19. hxg5 hxg5 0-1